00671 2200229 4500001002100000005001700021008004100038020001800079035002500097082001100122090002100133100002600154245006200180250001100242260004500253300004100298500002700339650003100366850001200397990001600409990001600425YOGYA-0612000000088620141218084432.0 ind  a979-11198-9-9 a0010-061200000000884 a959.82 aYOG 959.82 Wir E aWIRATNA SUJARWENI, V. aEpisode jejak-jejak Mataram Islamc/ V. Wiratna Sujarweni aCet. 1 aYogyakartabGlobal Media Informasic2012 avi, 135 hlm.bilus.c21 cm. (2 eks.) aBibliografi : hlm. 133 aKerajaan Mataram - Sejarah aYOPDYOG a501-PD/B.12 a502-PD/B.12